01276cam a2200277 a 4500003000500000005001700005008004100022010001000063011001000073035001000083040000900093082001600102100003300118245024900151260009300400300002000493410004300513490011500556650002700671650004800698650003500746700002900781700003000810810004300840830011500883CHAP20220329142122.0990817d1998 mx a r 00110 spa d a78736 a79708 a90101 cCHAP04a301.35bM5300aMijangos Leal, Miguel Angel.13aLa investigación-desarrollo en San Nicolás Zoyatlán, Montaña de Guerrero :banálisis y reflexión de la experiencia del PAIR en el trabajo comunitarioc/por Miguel Angel Mijangos Leal, Teresita Arias Chalico y Rubén Piña Chávez aMéxico, D.F. :bRed de Gestión de Recursos Naturales Fundación Rockefeller,c1998. a114 p. :bilus. aRed de Gestión de Recursos Naturales 0aEstudios de caso sobre participación campesina en generación, validación y transferencia de tecnología14aCampesinadoxGuerrero.14aDesarrollo de la comunidad ruralzGuerrero.14aGuerreroxCondiciones rurales.0 aArias Chalico, Teresita.0 aPiña Chávez, Rubén.00aRed de Gestión de Recursos Naturales00aEstudios de caso sobre participación campesina en generación, validación y transferencia de tecnología